Ανάλυση [και] μελέτη παραμέτρων που επηρεάζουν την ενεργειακή συμπεριφορά των νοικοκυριών : πτυχιακή εργασία

Αποθηκεύτηκε σε:
Λεπτομέρειες βιβλιογραφικής εγγραφής
Κύριος συγγραφέας: Πούλου, Δήμητρα
Συγγραφή απο Οργανισμό/Αρχή: Πανεπιστήμιο Αιγαίου. Σχολή Περιβάλλοντος. Τμήμα Περιβάλλοντος
Άλλοι συγγραφείς: Μποτετζάγιας, Ιωσήφ Α. (Εισηγητής διατριβής)
Μορφή: Thesis Βιβλίο
Γλώσσα:Greek
Δημοσίευση: 2012
Θέματα:
Διαθέσιμο Online:http://hdl.handle.net/11610/10122
Ετικέτες: Προσθήκη ετικέτας
Δεν υπάρχουν, Καταχωρήστε ετικέτα πρώτοι!

MARC

LEADER 00000cam a2200000 i 4500
001 1/32356
008 130628s2012 gre d
035 |l 10114902 
040 |a GR-MY-UA  |b gre  |e aacr 
041 0 |a gre 
082 0 |a 333.79  |2 (22) 
100 1 |a Πούλου, Δήμητρα. 
245 1 0 |a Ανάλυση [και] μελέτη παραμέτρων που επηρεάζουν την ενεργειακή συμπεριφορά των νοικοκυριών :  |b πτυχιακή εργασία /  |c της Πούλου Δήμητρας ; καθηγητής: Ι. Μποτετζάγιας 
260 |c 2012 
300 |a 70 σ.;  |b πιν.;  |c 30 εκ. 
502 |a Πτυχιακή εργασία – Πανεπιστήμιο Αιγαίου, Λέσβος, 2012. 
504 |a Βιβλιογραφία: σ. 60-70 
650 0 0 |a Energy consumption  |z Greece. 
650 0 0 |a Electric power consumption  |z Greece. 
650 0 0 |a Dwellings  |x Energy conservation. 
650 0 0 |a Energy conservation  |x Citizen participation. 
650 0 0 |a Dissertations, Academic  |z Greece. 
700 1 |4 ths  |a Μποτετζάγιας, Ιωσήφ Α. . 
710 2 |a Πανεπιστήμιο Αιγαίου.   |b Σχολή Περιβάλλοντος.   |b Τμήμα Περιβάλλοντος. 
852 |a INST  |b LESVOS  |c DIATR  |e 20130628  |h 1397  |p 005100051930  |q 005100051930  |t DIE  |y 23 
852 |a INST  |b LESVOS  |c DIATR  |e 20130628  |h 1398  |p 005100051926  |q 005100051926  |t DIE  |y 23 
856 |u http://hdl.handle.net/11610/10122 
901 |a BIBL1-2013-2 
909 |a Λ  |b 179571 
909 |a Λ  |b 179572 
924 |a ΠΟΥΛΟΥ  |b ΔΗΜΗΤΡΑ  |y ΛΕΣΒΟΣ  |z 2013-06 
970 |a ΤΖΑΦΕΡΗ  |b ΕΥΑΓΓΕΛΙΑ  |z 2013/06/28